000 00247nas a2200109Ia 4500
008 140107s9999 xx 000 0 und d
040 _aLoreto College
041 _aEnglish
245 _aWomen's Link
260 _bSocial Action Trust
942 _cBV
999 _c38978
_d89457